00688nam a2200181 a 450000100100000000500170001000800410002704000250006810000270009324500860012026000540020630000200026070000250028071000700030504900090037595201050038499900170048900002900120200930055253.0110413s1988 dr 000 0 spa d aDO-SdBNPbspacBNPHU1 aBatista, José95352413aLa crisis económica en República Dominicana. /cJosé Batista, Alberto Cruz. aSanto Domingo :bCOOPNAMA,c1988fEditorial Gente a16 p. ;c21 cm.1 aCruz, Alberto9559242 aCooperativa Nacional de Servicios Multiple de los Maestros955925 aBNPD 0010718PDaPDbPDcCTd2011-04-13iLF1l0o p29001-10r2020-06-25w2020-06-25yLFPDZNo se presta c28493d28493